000 00344nam a2200133Ia 4500
008 240624s9999 xx 000 0 und d
041 _aeng
082 _a891.43 PAR
100 _aPARSAI HARISHANKAR
245 _aJANE PAHACHANE LOG
260 _c2012
_aNew Delhi
_bRajkamal Prakashan Pvt Ltd
300 _a125 : p. : cm. ; 18
365 _cRS
_b25
999 _c28043
_d28043